000 00787nam a22002777a 4500
003 NLI
005 20210927113545.0
008 210315b2013 ii ||||| |||| 00| 0 eng d
020 _a9789382624097
_cRs.270.00
_q(pbk)
040 _aNLI
_beng
_cEnglish Processing Division
041 0 _aeng
044 _aii
082 0 4 _223rd ed.
_a294.50954162
_bB 25
100 1 _6880-01
_aBarman, Sivanath
_92865
245 1 0 _6880-02
_aTradition to modernity :
_bessays on Assam/
_cSivanath Barman
260 _aGuwahati :
_bBhabani Books,
_c2013
300 _ax, 222 p.;
_c22 cm.
651 0 _aAssam(India)
_xCivilization
_92866
651 0 _aIndia
_zAssam
_92867
700 1 _6880-03
880 1 _6100-01
887 _aSomnath Panja
887 _aAtanu Mitra 21
942 _2ddc
_cBKS
999 _c2017
_d2017